[Event "Mumbai Mayors Cup 1st"]
[Site "Mumbai"]
[Date "2008.05.12"]
[Round "3"]
[White "Shiva Murugan, RK."]
[Black "Ramakrishna, J."]
[Result "0-1"]
[WhiteElo "1988"]
[BlackElo "2300"]
[PlyCount "82"]
[EventDate "2008.05.11"]
[EventType "swiss"]
[EventRounds "11"]
[EventCountry "IND"]
[SourceTitle "CBM 124 Extra"]
[Source "ChessBase"]
[SourceDate "2008.07.03"]
[SourceVersion "1"]
[SourceVersionDate "2008.07.03"]
[SourceQuality "1"]

1. d4 c5 2. d5 e5 3. c4 d6 4. e4 Be7 5. Nc3 Bg5 6. Bd3 Bxc1 7. Qxc1 Nd7 8. Nge2 a6 9. 0-0 Ne7 10. g3 Qc7 11. Qg5 Ng6 12. f4 h6 13. Qh5 Nf6 14. Qf3 b5 15. cxb5 c4 16. Bc2 axb5 17. a4 b4 18. Nb5 Qc5+ 19. Qf2 Qxf2+ 20. Rxf2 Kd7 21. fxe5 Nxe5 22. Ned4 Ba6 23. Rc1 Bxb5 24. axb5 b3 25. Bb1 Ra1 26. Rff1 Kc7 27. Rc3 Kb6 28. Nf5 Kc5 29. Nxg7 Nfd7 30. Nf5 Nb6 31. Re3 Na4 32. Re2 c3 33. bxc3 Nxc3 34. Rb2 Rxb1 35. Rfxb1 Nxb1 36. Rxb1 Kc4 37. Kf2 Kc3 38. Ne3 Rb8 39. g4 Rxb5 40. Ke2 b2 41. h3 Nc4 0-1

[Event "Commonwealth-ch"]
[Site "New Delhi"]
[Date "2007.12.03"]
[Round "2"]
[White "Shiva Murugan, RK."]
[Black "Rohit, Gogineni"]
[Result "0-1"]
[WhiteElo "1970"]
[BlackElo "2491"]
[PlyCount "114"]
[EventDate "2007.12.03"]
[EventType "swiss"]
[EventRounds "10"]
[EventCountry "IND"]
[SourceTitle "CBM 121 Extra"]
[Source "ChessBase"]
[SourceDate "2008.01.10"]
[SourceVersion "1"]
[SourceVersionDate "2008.01.10"]
[SourceQuality "1"]

1. d4 Nf6 2. c4 e6 3. g3 d5 4. Bg2 dxc4 5. Qa4+ c6 6. Qxc4 b5 7. Qd3 Bb7 8. Nf3 Be7 9. 0-0 0-0 10. b3 Qb6 11. Bb2 Rd8 12. Nc3 Na6 13. Rac1 Rac8 14. e4 Nb4 15. Qe2 c5 16. e5 Ng4 17. h3 cxd4 18. hxg4 dxc3 19. Rxc3 Rxc3 20. Bxc3 Rc8 21. Bxb4 Bxb4 22. Rd1 a6 23. Ng5 Bxg2 24. Kxg2 h6 25. Ne4 Rd8 26. g5 hxg5 27. Nxg5 Be7 28. Ne4 Rxd1 29. Qxd1 Qc6 30. Qd3 Kf8 31. f3 f5 32. exf6 gxf6 33. Qc3 Qxc3 34. Nxc3 Bb4 35. Ne4 f5 36. Nf2 Ke7 37. Nd3 Bc3 38. f4 Kd6 39. Kf3 Kd5 40. Ke3 a5 41. Nc1 Bd4+ 42. Kf3 Bb2 43. Nd3 Ba3 44. Ne5 Bc5 45. Nd3 Bd4 46. Nc1 Bf6 47. Ke3 e5 48. Nd3 e4 49. Ne1 Bd4+ 50. Ke2 Bb6 51. Ng2 a4 52. Ne3+ Bxe3 53. Kxe3 axb3 54. axb3 b4 55. Ke2 Kd4 56. Kd2 e3+ 57. Ke2 Ke4 0-1